000 00956nam a22002657a 4500
005 20170123162334.0
010 _aA-353881
020 _c50.00
035 _aA-353881
037 _bCen Lib/Ret
040 _aDPL
_bUR
082 _aن
_bع ی س
100 _aعیسوی خان بہادر
_9109505
245 _aقصّہ مہرا فروز و دلبر /
_cعیسوی خان بہادر ؛ مترتب مسعود حسین خان
246 _aQissa mahra afrooz va dilbar /
_bby Isvi Khan Bahadur ; edited by Masood Husain Khan
260 _aنیی دہلی
_bانجمن ترقی اردو
_c1988
270 _bنیی دہلی
_aاردو گھر ریواز ایونیو
300 _a205p.
_c21cm(Hb)
650 _aاردو ادب
_9123223
650 _aاردو ناول
_9547
650 _aUrdu literature
_9123224
650 _aUrdu novel
_9123225
700 _aمسعود حسین خان
_9123226
942 _2ddc
_cUR
_hن
_mع ی س
999 _c108007
_d108007